Fast Typing - Congo - Statistics

General Stats
  • This quiz has been taken 64 times
  • The average score is 12 of 15
Answer Stats
Answer % Correct
Congo
100%
Congo
100%
Congo
100%
Congo
98%
Congo
95%
Congo
93%
Congo
86%
Congo
77%
Congo
77%
Congo
72%
Congo
70%
Congo
67%
Congo
58%
Congo
58%
Congo
53%
No matching quizzes found
Score Distribution
Percent of People with Each Score
Percentile by Number Answered
Your Score History
You have not taken this quiz